000 00472 a2200145 4500
999 _c2000
_d2000
020 _a9788120333123
050 _aHD 82 GRA 2007
100 _aGrabowski, Richard
245 _aEconomic development
_ba regional, institutional, and historical approach /
_cRichrad Grabowski , Sharmistha and Michael P Shields
264 _aNew Dehli
_bPrentice Hall
_c2007
300 _axv, 303p.
500 _aincludes index
650 _aEconomic development
942 _2lcc
_cBK
_h82
_iGRA
_kHD